The Bhojpuri Kichen/ (Record no. 214283)

MARC details
000 -LEADER
fixed length control field 00589nam a22001817a 4500
005 - DATE AND TIME OF LATEST TRANSACTION
control field 20260119165700.0
010 ## - LCCN (DPL NO)
LC control number ENG-147529
020 ## - INTERNATIONAL STANDARD BOOK NUMBER
International Standard Book Number 9789386850058
Terms of availability 499.00
035 ## - SYSTEM CONTROL NUMBER
System control number EN-131061
037 ## - SOURCE OF ACQUISITION
Source of stock number/acquisition DBAD
082 ## - DEWEY DECIMAL CLASSIFICATION NUMBER
Edition number 1
Classification number 643.3
100 ## - MAIN ENTRY--PERSONAL NAME
Personal name Sahay, Pallavi Nigam
245 ## - TITLE STATEMENT
Title The Bhojpuri Kichen/
Statement of responsibility, etc Pallavi Nigam Sahay
260 ## - PUBLICATION, DISTRIBUTION, ETC. (IMPRINT)
Place of publication, distribution, etc Chennai
Name of publisher, distributor, etc Westland Publications
Date of publication, distribution, etc 2017
270 ## - ADDRESS
City Chennai
Address 1st Floor,A Block,East Wing,Plot No.40,SP Infocity,Dr MGR Salai,Perungudi,Kandanchavadi,
Postal code 600096
300 ## - PHYSICAL DESCRIPTION
Extent 164p.
Dimensions 23cm(pb)
942 ## - ADDED ENTRY ELEMENTS (KOHA)
Source of classification or shelving scheme Dewey Decimal Classification
Item type English Books
Call number suffix SAH
Classification part 643.3
Holdings
Withdrawn status Lost status Not for loan Collection code Home library Current library Date acquired Source of acquisition Cost, normal purchase price Full call number Barcode Copy number Cost, replacement price Koha item type
      Non-fiction Janak Puri Janak Puri 19/01/2026 Delivery of Books Act Division 499.00 SAH 643.3 EN-131061 1 499.00 English Books

© Delhi Public Library
Hit Counter
free hit counter